[Event "Santo Domingo Guzman Cup"]
[Site "Santo Domingo"]
[Date "2017.10.28"]
[Round "6"]
[White "Araujo Sanchez, Josue"]
[Black "Tiburcio Villar, Franklin Jonel"]
[Result "1-0"]
[WhiteElo "2065"]
[BlackElo "1877"]
[PlyCount "62"]
[EventDate "2017.10.20"]
[EventType "swiss"]
[EventRounds "8"]
[EventCountry "DOM"]
[SourceTitle "CBM 181 Extra"]
[Source "ChessBase"]
[SourceDate "2017.12.12"]
[SourceVersion "1"]
[SourceVersionDate "2017.12.12"]
[SourceQuality "1"]

1. g3 Nf6 2. Bg2 d5 3. d3 e5 4. c4 dxc4 5. Qa4+ Bd7 6. Qxc4 Nc6 7. Nf3 Bd6 8. 0-0 0-0 9. Nbd2 Qe7 10. a3 Rab8 11. b4 Nd4 12. Nxd4 exd4 13. Nf3 Rfc8 14. Re1 c5 15. bxc5 Bxc5 16. Qb3 Be6 17. Qb2 Rc6 18. Bg5 Rb6 19. Qd2 h6 20. Bf4 Rc8 21. Reb1 Rxb1+ 22. Rxb1 Bxa3 23. Nxd4 b6 24. Nxe6 Qxe6 25. Ra1 Qb3 26. Qa2 Rc3 27. Qxb3 Rxb3 28. Bc6 a5 29. Ba4 Rc3 30. Bd2 Bb4 31. Bxc3 Bxc3 1-0

[Event "Santo Domingo Guzman Cup"]
[Site "Santo Domingo"]
[Date "2017.10.21"]
[Round "3"]
[White "Tiburcio Villar, Franklin Jonel"]
[Black "Perez, Lewis Omar"]
[Result "1/2-1/2"]
[WhiteElo "1877"]
[BlackElo "2014"]
[PlyCount "55"]
[EventDate "2017.10.20"]
[EventType "swiss"]
[EventRounds "8"]
[EventCountry "DOM"]
[SourceTitle "CBM 181 Extra"]
[Source "ChessBase"]
[SourceDate "2017.12.12"]
[SourceVersion "1"]
[SourceVersionDate "2017.12.12"]
[SourceQuality "1"]

1. e4 e6 2. d4 Ne7 3. c4 Ng6 4. Nf3 d6 5. Nc3 Be7 6. Be2 c6 7. 0-0 0-0 8. Qb3 e5 9. Rd1 Qc7 10. Be3 Nd7 11. h3 b6 12. Rac1 Bb7 13. Na4 c5 14. dxc5 Nxc5 15. Nxc5 dxc5 16. Qc2 Rfd8 17. Rd2 Nf8 18. Rcd1 Ne6 19. Rxd8+ Bxd8 20. Qd3 Nd4 21. Nxd4 exd4 22. Bc1 Qe5 23. Re1 Bc7 24. Bf3 Re8 25. g3 Qe6 26. Bg2 f5 27. e5 Bxg2 28. Kxg2 1/2-1/2

[Event "DOM-chT"]
[Site "Santiago de los Caballeros"]
[Date "2017.08.19"]
[Round "5.4"]
[White "Tiburcio Villar, Franklin Jonel"]
[Black "Cruz, Eduard"]
[Result "1/2-1/2"]
[WhiteElo "1892"]
[BlackElo "1800"]
[PlyCount "64"]
[EventDate "2017.08.17"]
[EventType "team-swiss"]
[EventRounds "6"]
[EventCountry "DOM"]
[SourceTitle "EXT 2019"]
[Source "ChessBase"]
[SourceDate "2018.10.10"]
[SourceVersion "1"]
[SourceVersionDate "2018.10.10"]
[SourceQuality "1"]
[WhiteTeam "Santo Domingo"]
[BlackTeam "Hermanas Mirabal"]
[WhiteTeamCountry "DOM"]
[BlackTeamCountry "DOM"]

1. e4 d5 2. exd5 Nf6 3. Nf3 Nxd5 4. d4 Bg4 5. h3 Bh5 6. Bc4 e6 7. 0-0 Be7 8. c3 0-0 9. Nbd2 c5 10. Qb3 Nb6 11. dxc5 Bxc5 12. Be2 Nc6 13. Ne4 Be7 14. Neg5 Bg6 15. Bf4 Nd5 16. Be5 Nxe5 17. Nxe5 Qc7 18. Nxg6 hxg6 19. Bf3 Rfd8 20. Rad1 Nb6 21. a4 Rab8 22. Rfe1 Nd7 23. Bg4 Nc5 24. Qc4 Bd6 25. Ne4 Nxe4 26. Qxe4 Qc6 27. Qxc6 bxc6 28. b4 a5 29. bxa5 Ra8 30. Bf3 Rxa5 31. Bxc6 Rc5 32. Bb5 Rxc3 1/2-1/2

[Event "Santo Domingo U2000 op"]
[Site "Santo Domingo"]
[Date "2017.06.10"]
[Round "7"]
[White "Tiburcio Villar, Franklin Jonel"]
[Black "Reyes Rodriguez, Jhohansen"]
[Result "0-1"]
[WhiteElo "1916"]
[BlackElo "1767"]
[PlyCount "180"]
[EventDate "2017.06.02"]
[EventType "swiss"]
[EventRounds "8"]
[EventCountry "DOM"]
[SourceTitle "CBM 178 Extra"]
[Source "ChessBase"]
[SourceDate "2017.06.22"]
[SourceVersion "1"]
[SourceVersionDate "2017.06.22"]
[SourceQuality "1"]

1. e4 e6 2. d4 d5 3. exd5 exd5 4. Nf3 Bd6 5. Nc3 c6 6. Bg5 Nf6 7. Bd3 0-0 8. 0-0 Bg4 9. h3 Bh5 10. Bf5 Bg6 11. Nh4 Bxf5 12. Nxf5 Re8 13. Re1 Rxe1+ 14. Qxe1 Bf8 15. Qe5 Nbd7 16. Qg3 Qe8 17. Bh6 Nh5 18. Qg5 g6 19. Bxf8 Nxf8 20. g4 Ng7 21. Nh6+ Kh8 22. Qf6 Nd7 23. Nxf7+ Kg8 24. Nh6+ Kh8 25. Qf7 Qe6 26. Ne2 Rf8 27. Qxe6 Nxe6 28. h4 Kg7 29. g5 Nf4 30. Re1 Re8 31. Kf1 Nh5 32. Ng3 Rxe1+ 33. Kxe1 Nf4 34. Kf1 Nb6 35. b3 Nc8 36. f3 Nd6 37. Ne2 Ne6 38. Kf2 Kf8 39. Ke3 Ng7 40. Ng3 Ke7 41. Ng8+ Ke6 42. Nf6 h6 43. Ng8 Ndf5+ 44. Nxf5 Nxf5+ 45. Kf4 h5 46. c3 Nxh4 47. Kg3 Nf5+ 48. Kf4 Nh4 49. Kg3 Nf5+ 50. Kf4 Nd6 51. a4 b5 52. a5 a6 53. Nh6 Nb7 54. b4 Nd6 55. Ng8 Nc4 56. Nh6 Nb2 57. Ke3 Na4 58. Kd3 h4 59. Ng4 Kf5 60. Ke3 Nxc3 61. Ne5 Nd1+ 62. Ke2 h3 63. Kf1 Kxg5 64. Nxc6 Kf4 65. Ne5 Kg3 66. Ng4 Kxf3 67. Nh2+ Kg3 68. Kg1 Ne3 69. Kh1 Nc2 70. Nf1+ Kf2 71. Nh2 Nxb4 72. Ng4+ Kf3 73. Ne5+ Ke4 74. Nxg6 Kxd4 75. Nf4 Ke3 76. Nxh3 d4 77. Kg2 d3 78. Kf1 d2 79. Nf2 Nc6 80. Nd1+ Kd3 81. Nf2+ Kc2 82. Ke2 Nxa5 83. Nd1 b4 84. Ne3+ Kc1 85. Nd1 Nc4 86. Nf2 Nb2 87. Ke3 Nd1+ 88. Nxd1 Kxd1 89. Kd3 Ke1 90. Kc2 d1Q+ 0-1

[Event "Santo Domingo U2000 op"]
[Site "Santo Domingo"]
[Date "2017.06.09"]
[Round "5"]
[White "Tiburcio Villar, Franklin Jonel"]
[Black "Jimenez Jimenez, Leandro"]
[Result "1/2-1/2"]
[WhiteElo "1916"]
[BlackElo "1988"]
[PlyCount "82"]
[EventDate "2017.06.02"]
[EventType "swiss"]
[EventRounds "8"]
[EventCountry "DOM"]
[SourceTitle "CBM 178 Extra"]
[Source "ChessBase"]
[SourceDate "2017.06.22"]
[SourceVersion "1"]
[SourceVersionDate "2017.06.22"]
[SourceQuality "1"]

1. e4 e5 2. Nf3 Nc6 3. Bb5 a6 4. Bxc6 dxc6 5. 0-0 Bg4 6. d3 f6 7. Be3 Qd7 8. h3 Be6 9. d4 0-0-0 10. Nc3 Qf7 11. Qc1 g5 12. dxe5 g4 13. hxg4 Bxg4 14. exf6 Bxf3 15. gxf3 Nxf6 16. Rd1 Bd6 17. Bg5 Rdg8 18. Kf1 Nh5 19. e5 Bxe5 20. Qe3 Qc4+ 21. Rd3 Bd6 22. Ne4 Kb8 23. Nxd6 cxd6 24. Be7 Rg6 25. b3 Qxc2 26. Bxd6+ Ka8 27. Rc1 Qxa2 28. Bb4 Rhg8 29. Rd2 Rg1+ 30. Ke2 Nf4+ 31. Qxf4 Re8+ 32. Qe4 Rxe4+ 33. fxe4 Qxb3 34. Rd8+ Ka7 35. Bc5+ b6 36. Rd7+ Kb8 37. Bd6+ Kc8 38. Rc7+ Kd8 39. Rxg1 Qc4+ 40. Ke3 Qc3+ 41. Ke2 Qc4+ 1/2-1/2

[Event "Santo Domingo U2000 op"]
[Site "Santo Domingo"]
[Date "2017.06.03"]
[Round "3"]
[White "Diaz, Eugenio Daniel"]
[Black "Tiburcio Villar, Franklin Jonel"]
[Result "0-1"]
[WhiteElo "1731"]
[BlackElo "1916"]
[PlyCount "84"]
[EventDate "2017.06.02"]
[EventType "swiss"]
[EventRounds "8"]
[EventCountry "DOM"]
[SourceTitle "CBM 178 Extra"]
[Source "ChessBase"]
[SourceDate "2017.06.22"]
[SourceVersion "1"]
[SourceVersionDate "2017.06.22"]
[SourceQuality "1"]

1. d4 Nf6 2. c4 c5 3. d5 b5 4. Nf3 g6 5. Qc2 d6 6. e4 Bg7 7. Be2 0-0 8. cxb5 a6 9. 0-0 axb5 10. Bxb5 Qb6 11. Bc4 Nbd7 12. Nc3 Ng4 13. Bf4 Nge5 14. Nxe5 Nxe5 15. Be2 f5 16. a4 fxe4 17. Bxe5 Bxe5 18. Nb5 Bf5 19. g4 Bd7 20. Nc3 Rf4 21. Nxe4 Bxg4 22. Bxg4 Rxg4+ 23. Ng3 Qxb2 24. Qxb2 Bxb2 25. Ra2 Be5 26. Re1 Rgxa4 27. Rxa4 Rxa4 28. Ne4 Rd4 29. Nxc5 Bxh2+ 30. Kxh2 dxc5 31. Rxe7 Rxd5 32. Kg3 c4 33. Kf4 c3 34. Rc7 Rd2 35. Ke3 Rc2 36. f4 Rc1 37. Rc4 Kg7 38. Rc6 h5 39. Rc7+ Kh6 40. Rc6 c2 41. Kd2 Rf1 42. Rxc2 Rf2+ 0-1

[Event "Santo Domingo Autumn op"]
[Site "Santo Domingo"]
[Date "2016.10.07"]
[Round "1"]
[White "Tiburcio Villar, Franklin Jonel"]
[Black "Reyes Rodriguez, Jhohansen"]
[Result "1/2-1/2"]
[WhiteElo "1855"]
[BlackElo "1497"]
[PlyCount "58"]
[EventDate "2016.10.07"]
[EventType "swiss"]
[EventRounds "8"]
[EventCountry "DOM"]
[SourceTitle "CBM 175 Extra"]
[Source "ChessBase"]
[SourceDate "2016.12.12"]
[SourceVersion "1"]
[SourceVersionDate "2016.12.12"]
[SourceQuality "1"]

1. e4 e6 2. d4 d5 3. exd5 exd5 4. Nf3 Bd6 5. Nc3 c6 6. Bd3 Nf6 7. 0-0 0-0 8. Bg5 Bg4 9. h3 Bh5 10. Re1 Nbd7 11. Bf5 Qc7 12. Qd3 h6 13. Bh4 Bxf3 14. Qxf3 g5 15. Bxd7 Nxd7 16. Bg3 Bxg3 17. fxg3 Qb6 18. Ne2 Rae8 19. g4 Ne5 20. Qf2 Nc4 21. Ng3 Qxb2 22. Qf6 Re6 23. Rxe6 Qxa1+ 24. Kh2 fxe6 25. Qxe6+ Kh7 26. Qe7+ Kg8 27. Qe6+ Kh7 28. Qe7+ Kg8 29. Qe6+ Kh7 1/2-1/2

[Event "Santo Domingo U2080 op"]
[Site "Santo Domingo"]
[Date "2016.06.13"]
[Round "6"]
[White "Tiburcio Villar, Franklin Jonel"]
[Black "Delmonte Arias, Nelson"]
[Result "1/2-1/2"]
[WhiteElo "1897"]
[BlackElo "1865"]
[PlyCount "64"]
[EventDate "2016.06.10"]
[EventType "swiss"]
[EventRounds "8"]
[EventCountry "DOM"]
[SourceTitle "CBM 172 Extra"]
[Source "ChessBase"]
[SourceDate "2016.06.21"]
[SourceVersion "1"]
[SourceVersionDate "2016.06.21"]
[SourceQuality "1"]

1. e4 c5 2. Nf3 d6 3. Bc4 e6 4. Nc3 Nc6 5. 0-0 Nf6 6. d3 Be7 7. Be3 0-0 8. d4 cxd4 9. Nxd4 Bd7 10. f4 Rc8 11. Bb3 a6 12. f5 Nxd4 13. Bxd4 e5 14. Bf2 Rxc3 15. bxc3 Nxe4 16. Qd3 Bc6 17. Bd5 Nxf2 18. Rxf2 Qb6 19. Raf1 Qc5 20. Bxc6 Qxc6 21. Re2 Rc8 22. Re3 f6 23. Rd1 Qc5 24. Kf1 Rc6 25. Re4 Kf8 26. h4 Bd8 27. h5 Bb6 28. Qg3 Qxc3 29. Qxc3 Rxc3 30. Rxd6 Bd4 31. Rd8+ Kf7 32. Rd7+ Kf8 1/2-1/2

[Event "Santo Domingo Regional-ch"]
[Site "Santo Domingo"]
[Date "2016.03.12"]
[Round "3"]
[White "Tiburcio Villar, Franklin Jonel"]
[Black "Ramirez Reyes, Braulio Fernando"]
[Result "0-1"]
[WhiteElo "1885"]
[BlackElo "2117"]
[PlyCount "114"]
[EventDate "2016.03.11"]
[EventType "swiss"]
[EventRounds "7"]
[EventCountry "DOM"]
[SourceTitle "EXT 2017"]
[Source "ChessBase"]
[SourceDate "2016.10.25"]
[SourceVersion "1"]
[SourceVersionDate "2016.10.25"]
[SourceQuality "1"]

1. e4 d5 2. exd5 Qxd5 3. Nc3 Qd6 4. Nf3 c6 5. d4 Nf6 6. Be3 Bg4 7. Be2 e6 8. 0-0 Nbd7 9. h3 Bxf3 10. Bxf3 Qc7 11. Qd3 Bd6 12. Ne4 Nxe4 13. Bxe4 h5 14. Bg5 Nf6 15. Rfe1 0-0-0 16. Be3 Rdg8 17. Bg5 Bf4 18. Bxf4 Qxf4 19. Qf3 Qxf3 20. Bxf3 g5 21. Be2 g4 22. h4 g3 23. fxg3 Rxg3 24. Kf2 Ne4+ 25. Kf1 Rhg8 26. Bf3 Nd2+ 27. Kf2 Nxf3 28. gxf3 Rg2+ 29. Ke3 Rxc2 30. Re2 Rxe2+ 31. Kxe2 Rg2+ 32. Ke3 Rxb2 33. Kf4 Rb5 34. Rg1 Rf5+ 35. Ke4 Kd7 36. Rg8 a5 37. Rb8 Kc7 38. Ra8 Kb6 39. f4 Kb5 40. Ra7 b6 41. Ra8 c5 42. dxc5 Kxc5 43. Rg8 b5 44. Rc8+ Kb4 45. Rg8 Ka3 46. Rg5 Kxa2 47. Rxf5 exf5+ 48. Kxf5 b4 49. Kg5 b3 50. Kxh5 b2 51. Kg5 b1Q 52. h5 Qh7 53. f5 Kb3 54. h6 a4 55. Kf6 a3 56. Ke7 a2 57. f6 a1Q 0-1

[Event "Santo Domingo La Raza op"]
[Site "Santo Domingo"]
[Date "2015.10.14"]
[Round "4"]
[White "Tiburcio Villar, Franklin Jonel"]
[Black "Alvarez Leger, Angel Maria"]
[Result "1/2-1/2"]
[WhiteElo "1887"]
[BlackElo "1946"]
[PlyCount "72"]
[EventDate "2015.10.12"]
[EventType "swiss"]
[EventRounds "8"]
[EventCountry "DOM"]
[SourceTitle "CBM 169 Extra"]
[Source "ChessBase"]
[SourceDate "2015.12.18"]
[SourceVersion "1"]
[SourceVersionDate "2015.12.18"]
[SourceQuality "1"]

1. e4 e6 2. d4 d5 3. exd5 exd5 4. Nf3 Nf6 5. Bd3 Be7 6. 0-0 0-0 7. h3 Nbd7 8. Be3 Re8 9. Nbd2 Nf8 10. c3 c6 11. Qc2 Ng6 12. Rfe1 Bd7 13. a4 Rc8 14. b4 Qc7 15. a5 a6 16. Bg5 Be6 17. Ne5 Nd7 18. Bxg6 hxg6 19. Nxd7 Qxd7 20. Bxe7 Rxe7 21. Nb3 Rce8 22. Nc5 Bf5 23. Qd2 Qc8 24. Rxe7 Rxe7 25. Re1 Qe8 26. Kf1 Rxe1+ 27. Qxe1 Qxe1+ 28. Kxe1 Bc8 29. Kd2 Kf8 30. Ke3 Ke7 31. Kf4 f6 32. h4 Kf7 33. g4 Ke7 34. g5 Kf7 35. Kg3 Ke7 36. gxf6+ gxf6 1/2-1/2

[Event "Santo Domingo La Raza op"]
[Site "Santo Domingo"]
[Date "2015.10.12"]
[Round "1"]
[White "Villafuerte, Alexander"]
[Black "Tiburcio Villar, Franklin Jonel"]
[Result "1-0"]
[WhiteElo "2209"]
[BlackElo "1887"]
[PlyCount "65"]
[EventDate "2015.10.12"]
[EventType "swiss"]
[EventRounds "8"]
[EventCountry "DOM"]
[SourceTitle "CBM 169 Extra"]
[Source "ChessBase"]
[SourceDate "2015.12.18"]
[SourceVersion "1"]
[SourceVersionDate "2015.12.18"]
[SourceQuality "1"]

1. e4 e5 2. Nf3 Nc6 3. Bb5 Bc5 4. c3 Nf6 5. d3 0-0 6. 0-0 d5 7. Qe2 dxe4 8. dxe4 Bg4 9. Rd1 Qe7 10. h3 Bh5 11. b4 Bb6 12. Be3 Nxe4 13. Bxc6 Nxc3 14. Nxc3 bxc6 15. Bxb6 cxb6 16. g4 Qxb4 17. Rac1 Bg6 18. Nxe5 Rfe8 19. Nxc6 Qa3 20. Qc4 Rac8 21. Re1 Kf8 22. Qb4+ Qxb4 23. Rxe8+ Kxe8 24. Nxb4 Rc4 25. Nbd5 h5 26. Ne3 Rc5 27. Ne2 Ra5 28. Ra1 hxg4 29. hxg4 Ra3 30. Nf4 Be4 31. Re1 Ra4 32. Nd1 Rxa2 33. Rxe4+ 1-0

[Event "Santo Domingo op U2100 2nd"]
[Site "Santo Domingo"]
[Date "2015.06.19"]
[Round "1"]
[White "Tiburcio Villar, Franklin Jonel"]
[Black "Marte Fermin, Johcrap"]
[Result "1-0"]
[WhiteElo "1875"]
[BlackElo "1895"]
[PlyCount "43"]
[EventDate "2015.06.19"]
[EventType "swiss"]
[EventRounds "8"]
[EventCountry "DOM"]
[SourceTitle "CBM 167 Extra"]
[Source "ChessBase"]
[SourceDate "2015.09.14"]
[SourceVersion "1"]
[SourceVersionDate "2015.09.14"]
[SourceQuality "1"]

1. e4 c5 2. Nf3 Nc6 3. d4 cxd4 4. Nxd4 d6 5. Bb5 Bd7 6. Nc3 Nf6 7. Bg5 e6 8. 0-0 Be7 9. Qd2 Nxe4 10. Nxe4 Bxg5 11. Nxg5 Nxd4 12. Bxd7+ Kxd7 13. Nxf7 Qf6 14. Nxh8 Rxh8 15. Rad1 e5 16. c3 Nf5 17. Qd5 Kc7 18. Rd3 Re8 19. Rf3 h5 20. c4 Qg6 21. c5 Nd4 22. Rf7+ 1-0

[Event "Santo Domingo op U2100"]
[Site "Santo Domingo"]
[Date "2015.02.13"]
[Round "5"]
[White "Tiburcio Villar, Franklin Jonel"]
[Black "Cedeno de la Rosa, Adolfo"]
[Result "1/2-1/2"]
[WhiteElo "1821"]
[BlackElo "2029"]
[PlyCount "42"]
[EventDate "2015.02.06"]
[EventType "swiss"]
[EventRounds "8"]
[EventCountry "DOM"]
[SourceTitle "CBM 164 Extra"]
[Source "ChessBase"]
[SourceDate "2015.03.02"]
[SourceVersion "1"]
[SourceVersionDate "2015.03.02"]
[SourceQuality "1"]

1. e4 e5 2. Nf3 Nf6 3. Nxe5 d6 4. Nf3 Nxe4 5. Qe2 Qe7 6. d3 Nf6 7. Bg5 Qxe2+ 8. Bxe2 Be7 9. 0-0 0-0 10. Nc3 c6 11. Rfe1 Be6 12. Ne4 Nxe4 13. Bxe7 Re8 14. dxe4 Rxe7 15. Rad1 d5 16. exd5 cxd5 17. Bb5 Nc6 18. Nd4 Rc8 19. Bxc6 bxc6 20. Nf5 Rd7 21. Nd4 Rd6 1/2-1/2

[Event "Santo Domingo op U2100"]
[Site "Santo Domingo"]
[Date "2015.02.08"]
[Round "4"]
[White "Feliz Novas, Samuel"]
[Black "Tiburcio Villar, Franklin Jonel"]
[Result "1/2-1/2"]
[WhiteElo "2005"]
[BlackElo "1821"]
[PlyCount "47"]
[EventDate "2015.02.06"]
[EventType "swiss"]
[EventRounds "8"]
[EventCountry "DOM"]
[SourceTitle "CBM 164 Extra"]
[Source "ChessBase"]
[SourceDate "2015.03.02"]
[SourceVersion "1"]
[SourceVersionDate "2015.03.02"]
[SourceQuality "1"]

1. d4 Nf6 2. c4 c5 3. d5 b5 4. cxb5 a6 5. bxa6 Bxa6 6. Nc3 d6 7. Nf3 g6 8. g3 Bg7 9. Bg2 0-0 10. h3 Nbd7 11. 0-0 Qb6 12. Re1 Rfb8 13. Rb1 Ne8 14. Na4 Qb7 15. b3 Bb5 16. Bb2 Bxa4 17. Bxg7 Kxg7 18. bxa4 Qxb1 19. Qxb1 Rxb1 20. Rxb1 Rxa4 21. Rb7 Nef6 22. g4 h6 23. g5 hxg5 24. Nxg5 1/2-1/2